[Event "GER-chT U16"]
[Site "Neumarkt in der Oberpfalz"]
[Date "2016.12.29"]
[Round "6.4"]
[White "Qiu, Oliver"]
[Black "Nicklaus, Timm"]
[Result "1/2-1/2"]
[WhiteElo "1661"]
[BlackElo "1657"]
[PlyCount "123"]
[EventDate "2016.12.27"]
[EventType "team-swiss"]
[EventRounds "7"]
[EventCountry "GER"]
[SourceTitle "EXT 2018"]
[Source "ChessBase"]
[SourceDate "2017.10.13"]
[SourceVersion "1"]
[SourceVersionDate "2017.10.13"]
[SourceQuality "1"]
[WhiteTeam "Guetersloh"]
[BlackTeam "Plauen Koenig"]
[WhiteTeamCountry "GER"]
[BlackTeamCountry "GER"]

1. e4 c5 2. Nc3 Nc6 3. f4 d6 4. Nf3 e6 5. Bb5 Bd7 6. 0-0 a6 7. Bxc6 Bxc6 8. Qe1 Ne7 9. d3 b5 10. a3 Qc7 11. Be3 g6 12. Qh4 Bg7 13. Rab1 Bb7 14. Nd1 d5 15. Nf2 h5 16. Ng5 dxe4 17. dxe4 Rd8 18. Nd3 Bxe4 19. Nxe4 Nf5 20. Qf2 Nxe3 21. Rfe1 Nf5 22. Ne5 Rd5 23. Nc3 Rd8 24. Ne4 Bxe5 25. fxe5 Qxe5 26. Nxc5 Qd4 27. Nxa6 Qxf2+ 28. Kxf2 Rc8 29. c3 0-0 30. Re5 Rfd8 31. Ke2 Nd6 32. Rd1 Nc4 33. Rxb5 Rxd1 34. Kxd1 Rd8+ 35. Ke1 Rd2 36. Rb4 Rxg2 37. Rxc4 Rxb2 38. a4 Rxh2 39. a5 Ra2 40. Rc5 h4 41. Nb4 h3 42. Nxa2 h2 43. Nb4 h1Q+ 44. Kd2 f5 45. a6 Qa8 46. Rc6 Qe8 47. Ke2 Qd7 48. Ke3 g5 49. Ke2 f4 50. Kf3 Qd1+ 51. Ke4 Qe2+ 52. Kd4 Qd2+ 53. Ke5 Qe3+ 54. Kf6 f3 55. Rc8+ Kh7 56. Rc7+ Kh6 57. a7 Qf4+ 58. Kxe6 Qxc7 59. a8Q Qc4+ 60. Kf5 Qf7+ 61. Ke4 Qc4+ 62. Kf5 1/2-1/2

[Event "GER-chT U16"]
[Site "Neumarkt in der Oberpfalz"]
[Date "2016.12.28"]
[Round "4.4"]
[White "Ortner, Jonas Ruben"]
[Black "Qiu, Oliver"]
[Result "1-0"]
[WhiteElo "1423"]
[BlackElo "1661"]
[PlyCount "55"]
[EventDate "2016.12.27"]
[EventType "team-swiss"]
[EventRounds "7"]
[EventCountry "GER"]
[SourceTitle "EXT 2018"]
[Source "ChessBase"]
[SourceDate "2017.10.13"]
[SourceVersion "1"]
[SourceVersionDate "2017.10.13"]
[SourceQuality "1"]
[WhiteTeam "Bebenhausen"]
[BlackTeam "Guetersloh"]
[WhiteTeamCountry "GER"]
[BlackTeamCountry "GER"]

1. e4 e5 2. Nf3 Nc6 3. Bc4 Bc5 4. c3 Nf6 5. d4 exd4 6. cxd4 Bb4+ 7. Nc3 d5 8. exd5 Nxd5 9. 0-0 Nce7 10. Nxd5 Be6 11. Nxb4 Bxc4 12. Re1 0-0 13. Qc2 Bb5 14. Qc5 a5 15. Nc2 Bd3 16. Rxe7 Bxc2 17. Qxc7 Qxc7 18. Rxc7 Be4 19. Ne5 Rad8 20. Be3 f5 21. f3 Bd5 22. Bg5 Rd6 23. Be7 Rdd8 24. Bxd8 Rxd8 25. Rac1 Be6 26. Rxb7 h6 27. Rcc7 Bd5 28. Rxg7+ 1-0

[Event "GER-chT U14"]
[Site "Regensburg"]
[Date "2014.12.27"]
[Round "2.1"]
[White "Qiu, Oliver"]
[Black "Kroschel, Anton"]
[Result "0-1"]
[WhiteElo "1405"]
[BlackElo "1610"]
[PlyCount "66"]
[EventDate "2014.12.27"]
[EventType "team-swiss"]
[EventRounds "7"]
[EventCountry "GER"]
[SourceTitle "EXT 2016"]
[Source "ChessBase"]
[SourceDate "2015.10.08"]
[SourceVersion "1"]
[SourceVersionDate "2015.10.08"]
[SourceQuality "1"]
[WhiteTeam "Guetersloh"]
[BlackTeam "Luebeck"]
[WhiteTeamCountry "GER"]
[BlackTeamCountry "GER"]

1. e4 d6 2. d4 Nf6 3. Nc3 g6 4. Nf3 Bg7 5. Bc4 c6 6. d5 0-0 7. 0-0 Bg4 8. h3 Bxf3 9. Qxf3 Nbd7 10. Bf4 Nh5 11. Bh2 Ne5 12. Bxe5 Bxe5 13. Rfd1 c5 14. Rab1 a6 15. a4 Rb8 16. b4 cxb4 17. Rxb4 Qc7 18. Ne2 a5 19. Rb5 Qxc4 20. Qb3 Qxb3 21. cxb3 b6 22. b4 axb4 23. Rxb4 Nf4 24. Ng3 Bc3 25. Rb3 Ba5 26. Kf1 h5 27. h4 Rbc8 28. Rf3 e5 29. dxe6 fxe6 30. Ne2 Nxe2 31. Rxf8+ Kxf8 32. Kxe2 Rc2+ 33. Kf3 Ke7 0-1